Rozhodovací proces v riadení cien diplomová práca

Uložené v:
Podrobná bibliografia
Hlavný autor: Goga, Maroš
Korporativný autor: Fakulta podnikového manažmentu EU. Katedra manažmentu
Ďalší autori: Remeňová, Katarína, 1982-
Médium: Kniha
Jazyk:Slovak
Vydavateľské údaje: Bratislava 2020
Tagy: Pridať tag
Žiadne tagy, Buďte prvý, kto otaguje tento záznam!

MARC

LEADER 00000nbm a2200000 4500
001 0266188
005 20201130133752.3
041 0 |a slo 
044 |a SK 
245 1 0 |a Rozhodovací proces v riadení cien  |b diplomová práca  |c Maroš Goga ; školiteľ: Katarína Remeňová 
264 1 |a Bratislava  |c 2020 
300 |a 64 s. 
100 1 |a Goga, Maroš 
700 1 |a Remeňová, Katarína, 1982- 
710 2 |a Fakulta podnikového manažmentu EU. Katedra manažmentu